000 00437nam a2200181Ia 4500
005 20250423095703.0
008 250422s9999 xx 000 0 und d
020 _a0-446-39359-2
050 _aHF 5386 .K8855/
100 _aBobert J. Kriegel
245 0 _aIf it ain't broke…Break it!
260 _aNew York
260 _bBobert J. Kriegel
260 _c1991
300 _a284 p
650 _aFinancial Management
942 _cBK
999 _c31031
_d31031